| 000 | 01379nac a22001931u 4500 | ||
|---|---|---|---|
| 008 | 110111s1996 xxu||||| |||| 00| 0 ara d | ||
| 082 |
_a621.803 _bا ل ا |
||
| 110 | 0 |
_aالجمعية الكويتية لتقدم الطفولة العربية _921894 |
|
| 245 |
_aالآلات في حياتنا : كيف تعمل : _bموسوعة تقنية / _cالجمعية الكويتية لتقدم الطفولة العربية |
||
| 250 | _aط 2. | ||
| 260 |
_aالكويت : _bالجمعية ، 1996 _c1996. |
||
| 300 |
_a4 مج : _bايض لو ؛ _c24 سم |
||
| 650 |
_aالآلات _921896 _vدوائر معارف |
||
| 942 |
_cBB _k621.803 ا ل ا _2ddc |
||
| 999 |
_c6113 _d6113 |
||